Statistics for 150 More Common French Verbs

Click here to take the quiz!

General Stats

  • This quiz has been taken 1,282 times
    (1,277 since last reset)
  • The average score is 43 of 150

Answer Stats

DefinitionVerb% Correct
acceptaccepter
90%
adoreadorer
87%
amuseamuser
80%
admireadmirer
76%
dancedanser
70%
accuse, acknowledgeaccuser
67%
announceannoncer
66%
advanceavancer
64%
abolishabolir
63%
arrangearranger
62%
accompanyaccompagner
61%
assureassurer
60%
driveconduire
59%
singchanter
57%
assumeassumer
55%
dreamrêver
54%
discussdiscuter
53%
considerconsidérer
52%
approachapprocher
51%
consultconsulter
51%
appearapparaître
46%
bore, annoyennuyer
46%
look forchercher
45%
estimateestimer
45%
actagir
44%
pronounceprononcer
44%
see againrevoir
44%
serveservir
43%
steal, flyvoler
42%
kiss, embraceembrasser
41%
avoidéviter
41%
drysécher
41%
skiskier
41%
turntourner
41%
showmontrer
40%
participateparticiper
40%
repairréparer
39%
be rightavoir raison
38%
achieveachever
37%
acquireacquérir
37%
cancelannuler
37%
rentlouer
36%
smilesourire
36%
supposesupposer
36%
missmanquer
35%
walk, functionmarcher
35%
sharepartager
35%
pulltirer
34%
movebouger
33%
coughtousser
33%
verifyvérifier
33%
borrowemprunter
32%
freezegeler
32%
interestintéresser
32%
pushpousser
32%
growgrandir
31%
measuremesurer
31%
absolveabsoudre
30%
belongappartenir
30%
approve (of)approuver
30%
attainatteindre
30%
denynier
30%
meetrencontrer
30%
attractattirer
29%
jokeblaguer
29%
increaseaugmenter
28%
fixfixer
28%
feednourrir
28%
retainretenir
28%
fall asleependormir
27%
agevieillir
27%
spenddépenser
26%
astonishétonner
26%
guessdeviner
25%
meltfondre
25%
interruptinterrompre
25%
askposer
25%
recallrappeler
25%
rememberse souvenir
25%
crosstraverser
25%
attendassister
24%
throwlancer
24%
fold, bendplier
24%
disturbdéranger
23%
decreasediminuer
23%
bring backrapporter
23%
resolverésoudre
23%
aimviser
23%
ordercommander
22%
predictprédire
22%
weighpeser
21%
loan, lendprêter
21%
complainse plaindre
21%
surprisesurprendre
21%
frighteneffrayer
20%
breakbriser
19%
get angryfâcher
19%
annoyagacer
18%
deposit, filedéposer
18%
failéchouer
18%
skatepatiner
18%
stinkpuer
18%
slow downralentir
18%
noticeremarquer
18%
satisfysatisfaire
18%
trick, cheattricher
18%
planplanifier
17%
slicetrancher
17%
pourverser
17%
undodéfaire
16%
wetmouiller
16%
feelressentir
16%
try, tempttenter
16%
affecttoucher
16%
wastegaspiller
14%
seemparaître
14%
treat, negotiatetraiter
14%
welcome, hostaccueillir
13%
enjoyjouir
13%
make one feel guiltyculpabiliser
12%
be unaware ofméconnaître
12%
mistrustméfier
12%
helpsecourir
12%
questioninterroger
11%
browse, skimparcourir
11%
join, participate inse joindre
11%
competeconcourir
10%
experienceéprouver
10%
dodgeesquiver
10%
depend onfier
10%
train, developformer
10%
bother, disturbgêner
10%
repeatredire
10%
undergosubir
10%
sample, savourdéguster
9%
undressdévêtir
9%
undertakeentreprendre
9%
stretchétendre
9%
mistakeméprendre
9%
informrenseigner
9%
mingle, mixse mêler
9%
hurryaccourir
8%
containcirconscrire
8%
recommendconseiller
8%
dismisséconduire
8%
collect, gatherrecueillir
8%
struggle, have difficultygalérer
7%
renewreconduire
7%
look afterentretenir
6%
take responsibilityrevendiquer
4%

Score Distribution

Percentile by Number Answered

Percent of People with Each Score

Your Score History

You have not taken this quiz since the last reset